| 000 | 00962cam a22003014a 4500 | ||
|---|---|---|---|
| 001 | 12688328 | ||
| 003 | OSt | ||
| 005 | 20151125140316.0 | ||
| 008 | 020228s2003 ohua b 001 0 eng | ||
| 010 | _a 2002017917 | ||
| 020 | _a0030351383 (CDROM) | ||
| 035 | _a(DLC) 2002017917 | ||
| 035 | _a(DLC)4320 | ||
| 040 |
_aDLC _cDLC |
||
| 042 | _apcc | ||
| 050 | 0 | 0 |
_aHD31 _b.D134 2003 |
| 082 | 0 | 0 |
_a658 _221 |
| 100 | 1 | _aDaft, Richard L. | |
| 245 | 1 | 0 |
_aManagement / _cRichard L. Daft. |
| 250 | _a6th ed. | ||
| 260 |
_aMason, Ohio : _bThomson Learning/South-Western , _c2003. |
||
| 300 |
_axxvii, 784 p. : _bcol. ill. ; _c27 cm. + _e1 CD-ROM (4 3/4 in.) |
||
| 500 | _aIncludes bibliographical references and indexes. | ||
| 650 | 0 | _aIndustrial management. | |
| 906 |
_a7 _bcbc _corignew _d1 _eocip _f20 _gy-gencatlg |
||
| 942 |
_2lcc _cBK |
||
| 999 |
_c251576 _d251576 |
||